000 00675nam a2200217 i 4500
001 91922
003 ES-MaACL
005 20230906180844.0
007 t|
008 050308s2004 sp ||||1| spa d
020 _a84-8456-378-1
080 _a7.035
100 1 _aCiseri, Ilaria.
_938914
245 1 3 _aEl romanticismo
_b: 1780-1860: nace una nueva sensibilidad /
_cIlaria Ciseri ; Joseph Wright of Derby ... [et al.].
260 _aBarcelona :
_bElecta,
_c[2004]
300 _a399 p. :
_bil. col. ;
_c32 cm.
504 _aBibliografía: p. 394.
650 4 _aRomanticismo (Arte)
_916948
700 1 _aWright, Joseph.
_9117417
852 _aES-MaACL
_jL-28967
_bR.135426
999 _c91922
_d91922